Online
Catalog

La UCE, su impacto en el desarrollo regional y nacional / (Record no. 12054)

MARC details
000 -CABECERA
campo de control de longitud fija 01631nam a2200313 a 4500
001 - NÚMERO DE CONTROL
campo de control 000012397
005 - FECHA Y HORA DE LA ÚLTIMA TRANSACCIÓN
campo de control 20200929163023.0
008 - DATOS DE LONGITUD FIJA--INFORMACIÓN GENERAL
campo de control de longitud fija 091112s2001 dr ad 000 0 spa d
020 ## - NÚMERO INTERNACIONAL ESTÁNDAR DEL LIBRO
ISBN cancelado o inválido 993483133
040 ## - FUENTE DE LA CATALOGACIÓN
Centro catalogador/agencia de origen DO-SdBNP
Lengua de catalogación spa
Centro/agencia transcriptor BNPHU
082 ## - NÚMERO DE LA CLASIFICACIÓN DECIMAL DEWEY
Número de clasificación 378.7293
Número de documento/Ítem G216u
100 1# - ENTRADA PRINCIPAL--NOMBRE DE PERSONA
Nombre de persona García, Manuel de Jesús,
Fechas asociadas al nombre 1954-
9 (RLIN) 29091
245 13 - MENCIÓN DE TÍTULO
Título La UCE, su impacto en el desarrollo regional y nacional /
Mención de responsabilidad, etc. Manuel de Jesús García.
246 23 - FORMA VARIANTE DE TÍTULO
Título propio/Titulo breve La Universidad Central del Este, su impacto en el desarrollo regional y nacional
260 ## - PUBLICACIÓN, DISTRIBUCIÓN, ETC.
Lugar de publicación, distribución, etc. Santo Domingo :
Nombre del editor, distribuidor, etc. UCE,
Fecha de publicación, distribución, etc. 2001.
300 ## - DESCRIPCIÓN FÍSICA
Extensión 93 p. :
Otras características físicas il., tablas ;
Dimensiones 23 cm.
490 1# - MENCIÓN DE SERIE
Mención de serie XXX Aniversario UCE
Designación de volumen o secuencia v. 30
504 ## - NOTA DE BIBLIOGRAFÍA, ETC.
Nota de bibliografía, etc. Bibliografía: p. 91-93.
505 0# - NOTA DE CONTENIDO CON FORMATO
Información miscelánea Introducción --
Título Antecedentes --
-- La UCE y el desarrollo económico regional --
-- Dimensión social de la UCE --
-- La UCE y la descentralización de la educación superior --
-- Premisas sobre las que debe descansar la enseñanza superior --
Información miscelánea Consideraciones finales --
-- Bibliografía.
586 ## - NOTA DE PREMIOS
Nota de premios Premio del Concurso Nacional de Literatura UCE, ensayo, 2000.
590 ## - NOTA LOCAL (RLIN)
Nota local Inventariado, 2018/MFF
610 24 - PUNTO DE ACCESO ADICIONAL DE MATERIA--NOMBRE DE ENTIDAD CORPORATIVA
Nombre de entidad corporativa o nombre de jurisdicción como elemento de entrada UNIVERSIDAD CENTRAL DEL ESTE
Subdivisión general FINES Y OBJETIVOS
9 (RLIN) 29092
650 #4 - PUNTO DE ACCESO ADICIONAL DE MATERIA--TÉRMINO DE MATERIA
Término de materia o nombre geográfico como elemento de entrada Desarrollo económico y social
9 (RLIN) 7372
650 #4 - PUNTO DE ACCESO ADICIONAL DE MATERIA--TÉRMINO DE MATERIA
Término de materia o nombre geográfico como elemento de entrada Universidades
Subdivisión general Aspectos sociales
Subdivisión geográfica República Dominicana
Subdivisión general Ensayos, conferencias, etc.
9 (RLIN) 19668
650 #4 - PUNTO DE ACCESO ADICIONAL DE MATERIA--TÉRMINO DE MATERIA
Término de materia o nombre geográfico como elemento de entrada Universidades
Subdivisión general Fines y objetivos
Subdivisión geográfica República Dominicana
Subdivisión general Ensayos, conferencias, etc.
9 (RLIN) 29093
650 #4 - PUNTO DE ACCESO ADICIONAL DE MATERIA--TÉRMINO DE MATERIA
Término de materia o nombre geográfico como elemento de entrada Educación superior
Subdivisión geográfica República Dominicana
Subdivisión general Ensayos, conferencias, etc.
9 (RLIN) 1128
830 #0 - PUNTO DE ACCESO ADICIONAL DE SERIE-TÍTULO UNIFORME
Título uniforme XXX Aniversario UCE
Designación de volumen o secuencia 30
9 (RLIN) 26413
910 ## - DATOS DE OPCIÓN DEL USUARIO (OCLC)
Datos de opción del usuario Validado. Control de calidad EMS
Holdings
Estado de retiro Estado de pérdida Restricciones de uso No para préstamo Código de colección Localización permanente Ubicación/localización actual Ubicación en estantería Fecha de adquisición Número de inventario Total de préstamos Signatura topográfica completa Código de barras Fecha visto por última vez Número de copia Precio válido a partir de Tipo de ítem Koha
        Dominicana de Servicio General General Depósito 15.02.2010 LF1   378.7293 G216u 12397-30 25.06.2020 e. 3 25.06.2020 Libro y Folleto Colección Dominicana de Servicio
        Dominicana de Servicio General General Depósito 15.02.2010 LF1   378.7293 G216u 12397-40 25.06.2020 e. 4 25.06.2020 Libro y Folleto Colección Dominicana de Servicio
        Dominicana de Servicio General General Depósito 15.02.2010 LF1   378.7293 G216u 12397-50 25.06.2020 e. 5 25.06.2020 Libro y Folleto Colección Dominicana de Servicio
      Excluido de préstamo Patrimonio Dominicano Patrimonio Dominicano Patrimonio Dominicano Depósito 12.11.2009 LF1   378.7293 G216u 12397-10 25.06.2020   25.06.2020 Libro y Folleto Colección Patrimonio Dominicano
      Excluido de préstamo Patrimonio Dominicano Patrimonio Dominicano Patrimonio Dominicano Depósito 15.02.2010 LF1   378.7293 G216u 12397-20 25.06.2020 e. 2 25.06.2020 Libro y Folleto Colección Patrimonio Dominicano

Powered by Koha